| 000 | 00614nam a22001937a 4500 | ||
|---|---|---|---|
| 005 | 20180322140042.0 | ||
| 010 | _aENG-122370 | ||
| 020 |
_c450.00 _a100071076821 |
||
| 035 | _aEN-105902 | ||
| 037 | _bDBAD/PUB | ||
| 082 | _a005.117 | ||
| 100 | _aBrannan, James A | ||
| 245 |
_aObjective-c for iPhone developers: _cby James A Brannan _bA beginner's guide / |
||
| 260 |
_aNew Delhi _bTata McGraw Hill Education Private Limited _c2010 |
||
| 270 |
_a7, West Patel Nagar _bNew Delhi _e110008 |
||
| 300 |
_a365p. _c25cm.(pbk) _bill. |
||
| 500 | _aIncluding index | ||
| 942 |
_2ddc _cEN _mBRA _h005.117 |
||
| 999 |
_c150489 _d150489 |
||